Bilecik Bilecik Bilecik Bilecik Bilecik

6. Uluslararası Türk Kültürü Kongresi bildirileri = (Record no. 13521)

MARC details
000 -BAŞLIK
Sabit Uzunluktaki Kontrol Alanı 01519nam a22003737a 4500
001 - KONTROL NUMARASI
Control Dosyası 0013557
003 - KONTROL NUMARASI KİMLİĞİ
Kontrol Alanı KOHA_MİRAKIL
005 - EN SON İŞLEM TARİHİ ve ZAMANI
Kontrol Alanı 20260207001924.0
007 - FİZİKSEL TANIM SABİT ALAN - GENEL BİLGİ
Sabit uzunluklu kontrol alanı ta
008 - SABİT UZUNLUKTAKİ VERİ ÖGELERİ - GENEL BİLGİ
Sabit Alan 100217b2009 tu |||gr||||#0|||0|tur |
020 ## - ISBN - ULUSLARARASI STANDART KİTAP NUMARASI
Isbn 9789751621559
Nitelik bilgileri c.2
-- 9789751621468
-- tk
040 ## - KATALOGLAMA KAYNAĞI
Özgün Kataloglama Kurumu TR-BiSEU
Kataloglama Dili tur
Çeviri Kurumu TR-BiSEU
Açıklama Kuralları rda
041 0# - DİL KODU
Metin ya da ses kaydının dil kodu tur
044 ## - YAYINLAYAN/ÜRETEN KURULUŞUN ÜLKE KODU
ISO country code tu
050 ## - SINIFLAMA ve YER NUMARASI
Sınıflama Numarası DR432
Yer Numarası .U48 2009
111 2# - TOPLANTI ADI
Toplantı Adı Uluslararası Türk Kültürü Kongresi (6. : 2005 : Ankara)
9 (RLIN) 31891
240 10 - TEK BİÇİM BAŞLIK
Tekbiçim Başlık <a href="6th International Congress on Turkish Culture">6th International Congress on Turkish Culture</a>
Language of a work Türkçe
245 1# - ESER ADI BİLDİRİMİ
Başlık 6. Uluslararası Türk Kültürü Kongresi bildirileri =
Alt Eseradı vb. 6th International Congress on Turkish Culture /
Sorumluluk Bildirimi editör Şebnem Ercebeci.
264 #1 - ÜRERİM, YAYIN, DAĞITIM ve TELİF BİLDİRİMİ
Yayın yeri Ankara :
Yayınlayan Atatürk Kültür, Dil ve Tarih Yüksek Kurumu Atatürk Kültür Merkezi
Yayın tarihi 2009
300 ## - FİZİKSEL TANIMLAMA
Sayfa, Cilt vb. 5 c.: resimli, harita; 25 cm.
336 ## - İÇERİK TÜRÜ
Content type term metin
Content type code txt
Source rdacontent
337 ## - MEDYA TÜRÜ
Media type term aracısız
Media type code n
Source rdamedia
338 ## - TAŞIYICI TÜRÜ
Carrier type term cilt
Carrier type code nc
Source rdacarrier
490 1# - DİZİ BİLDİRİMİ
Dizi Bildirimi Atatürk Kültür, Dil ve Tarih Yüksek Kurumu Atatürk Kültür Merkezi yayını ;
Cilt Numarası 377.
490 1# - DİZİ BİLDİRİMİ
Dizi Bildirimi Bilimsel toplantılar ;
Cilt Numarası 44.
650 #0 - KONU BAŞLIĞI EK GİRİŞ - KONU TERİMİ
Konusal terim veya coğrafi ad Uygarlık, Türk--Kongreler.
9 (RLIN) 31892
650 #0 - KONU BAŞLIĞI EK GİRİŞ - KONU TERİMİ
Konusal terim veya coğrafi ad Civilization, Turkic--Congresses.
9 (RLIN) 31893
650 #0 - KONU BAŞLIĞI EK GİRİŞ - KONU TERİMİ
Konusal terim veya coğrafi ad Kültür--Türkiye--Kongreler.
9 (RLIN) 31894
650 #0 - KONU BAŞLIĞI EK GİRİŞ - KONU TERİMİ
Konusal terim veya coğrafi ad Culture--Turkey--Congresses.
9 (RLIN) 31895
830 1# - SERİ EK GİRİŞİ - TEKBİÇİM ESER ADI
Tekbiçim Başlık Atatürk Kültür, Dil ve Tarih Yüksek Kurumu Atatürk Kültür Merkezi yayını ;
Volume number/sequential designation 377.
9 (RLIN) 12362
830 1# - SERİ EK GİRİŞİ - TEKBİÇİM ESER ADI
Tekbiçim Başlık Bilimsel toplantılar ;
Volume number/sequential designation 44.
9 (RLIN) 31896
907 ## - LOCAL DATA ELEMENT G, LDG (RLIN)
a Tarih
942 ## - EK GİRİŞ ÖGELERİ (KOHA)
Source of classification or shelving scheme Library of Congress Classification
Koha item type Book
Holdings
Materyal Türü Kalıcı Konum Mevcut Konum Raf Yeri Sınıflandırma Kaynağı Edinim Bilgisi Ana Konular Alt Konular Yer Numarası Cilt Bilgisi Demirbaş Numarası Fatura Tarihi Maliyet, Alış Fiyatı Maliyet, Yenileme Fiyatı Geri Çekilme Durumu Kayıp Durumu Hasarlı Durumu Kredi için değil Kayıt Tarih Toplam Ödünçverme Son Görülme Tarihi Son Kontrol Tarihi Genel / Bağış Notu
Book Prof. Dr. Azmi Özcan Kütüphanesi Prof. Dr. Azmi Özcan Kütüphanesi Uluğbey Salonu Library of Congress Classification Bağış DÜNYA TARİHİ (AVRUPA, ASYA, AFRİKA VB.) Balkan Yarımadası DR432 .U48 2009 c.2 0013557 13/08/2010 5.00 5.00         17/02/2010   05/12/2024 05/12/2024 Genel Bağış